Zamestnanci a priemerné mesačné mzdy za 1. štvrťrok 1998

Gespeichert in:
Bibliographische Detailangaben
Format: Buch
Sprache:Slowakisch
Veröffentlicht: Bratislava Štatistický úrad Slovenskej republiky 1998
Schriftenreihe:Demografia a sociálna štatistika
Tags: Tag hinzufügen
Keine Tags, Fügen Sie das erste Tag hinzu!

MARC

LEADER 00000nam a2200000 4500
001 c102642
005 20260219120521.4
041 0 |a slo 
044 |a SK 
245 1 0 |a Zamestnanci a priemerné mesačné mzdy za 1. štvrťrok 1998 
264 1 |a Bratislava  |b Štatistický úrad Slovenskej republiky  |c 1998 
300 |a 45 s. 
490 1 |a Demografia a sociálna štatistika 
830 0 |a Demografia a sociálna štatistika